000166867 001__ 166867
000166867 005__ 20260121151424.0
000166867 037__ $$aTAZ-TFG-2025-2221
000166867 041__ $$aspa
000166867 1001_ $$aHigueras Duque, Juan Eusebio
000166867 24200 $$aLITERATURE REVIEW AND UPDATE IN OCULAR TONOMETRY
000166867 24500 $$aACTUALIZACIÓN Y REVISIÓN BIBLIOGRÁFICA EN TONOMETRÍA OCULAR
000166867 260__ $$aZaragoza$$bUniversidad de Zaragoza$$c2025
000166867 506__ $$aby-nc-sa$$bCreative Commons$$c3.0$$uhttp://creativecommons.org/licenses/by-nc-sa/3.0/
000166867 520__ $$aLa tonometría ocular es una técnica clínica utilizada para medir la presión intraocular (PIO), fundamental en el campo de la oftalmología. Esta medición es crucial para el diagnóstico, seguimiento y manejo de enfermedades como el glaucoma, considerada la segunda causa de ceguera irreversible a nivel mundial; no solo para la detección del glaucoma, sino también para otras patologías oculares, como las alteraciones en la córnea, enfermedades sistémicas que afectan la PIO, y el impacto de factores como la edad y el tratamiento farmacológico. A lo largo de las últimas décadas, se han desarrollado diversas técnicas de tonometría, cada una con ventajas y limitaciones específicas. La tonometría de aplanación de Goldman es el método de referencia habitual, pero también se emplean con frecuencia la tonometría de rebote, la tonometría sin contacto y otras técnicas más recientes e innovadoras, instrumentos que tienen en cuenta la biomecánica corneal, capaces de corregir los valores de la PIO, en función de ciertos parámetros correlacionados con las propiedades biomecánicas de la córnea. La exactitud, seguridad, reproducibilidad y la facilidad de acceso del procedimiento son criterios de valoración esenciales.<br />La presión intraocular normal varía entre 10 y 21 mmHg. Valores superiores o inferiores pueden indicar un riesgo de enfermedad ocular. Se realizará un análisis exhaustivo y actualizado sobre los diferentes métodos de tonometría utilizados en la práctica clínica actual, examinar sus ventajas y limitaciones, discutir la evolución histórica y los avances tecnológicos, analizando sus principios de funcionamiento, precisión y adaptabilidad a diferentes contextos clínicos. Asimismo, se abordará su impacto en la mejora del diagnóstico y seguimiento de la salud ocular. Se busca proporcionar una visión integral de las herramientas disponibles, destacando su importancia en la práctica oftalmológica actual.<br /><br />
000166867 521__ $$aGraduado en Óptica y Optometría
000166867 540__ $$aDerechos regulados por licencia Creative Commons
000166867 691__ $$a3
000166867 692__ $$aAdecuar el uso de los dispoeitivos de tonometría ocular a las características corneales  de cada paciente
000166867 700__ $$aPinilla Lozano, Isabel$$edir.
000166867 700__ $$aIbáñez Alperte, Juan$$edir.
000166867 7102_ $$aUniversidad de Zaragoza$$bCirugía$$cObstetricia y Ginecología
000166867 8560_ $$f892959@unizar.es
000166867 8564_ $$s482193$$uhttps://zaguan.unizar.es/record/166867/files/TAZ-TFG-2025-2221.pdf$$yMemoria (spa)
000166867 909CO $$ooai:zaguan.unizar.es:166867$$pdriver$$ptrabajos-fin-grado
000166867 950__ $$a
000166867 951__ $$adeposita:2026-01-21
000166867 980__ $$aTAZ$$bTFG$$cCIEN
000166867 999__ $$a20250606122220.CREATION_DATE